Top 20 Most Populated Turkish Cities - Statistics

General Stats
  • This quiz has been taken 81 times
  • The average score is 13 of 20
Answer Stats
# City Population % Correct
2 Ankara 5.8 million
100%
1 İstanbul 15.6 million
100%
3 İzmir 4.4 million
96%
5 Antalya 2.6 million
92%
4 Bursa 3.2 million
86%
7 Adana 2.2 million
84%
9 Gaziantep 2.1 million
84%
6 Konya 2.3 million
78%
16 Samsun 1.3 million
65%
15 Kayseri 1.4 million
61%
20 Van 1.1 million
59%
11 Mersin 1.9 million
58%
12 Diyarbakır 1.8 million
55%
13 Hatay 1.5 million
45%
8 Şanlıurfa 2.2 million
43%
10 Kocaeli 2.1 million
38%
17 Balıkesir 1.2 million
30%
19 Aydın 1.1 million
27%
14 Manisa 1.4 million
27%
18 Tekirdağ 1.1 million
24%
No matching quizzes found
Score Distribution
Percent of People with Each Score
Percentile by Number Answered
Your Score History
You have not taken this quiz